00478nam a2200193Ia 4500008004100000041001200041082001200053100001700065245003400082260003600116300000800152365000800160520001200168546001200180630003400192650001200226655001200238730003400250101110s9999 xx 000 0 und d aMARATHI bSR33818 aBhosale D.T. aLoksanskruti : bandh-anubandh c2010bPadyagandh prkashan, Pune a159 b150 aMarathi aMARATHI aLoksanskruti : bandh-anubandh aMarathi aMarathi aLoksanskruti : bandh-anubandh